Electriona-Paraíso : anteproyecto del ferrocarril
Guardado en:
| Autor principal: | |
|---|---|
| Otros Autores: | |
| Formato: | Desconocido |
| Publicado: |
[San José, Costa Rica]
1981
|
| Materias: | |
| Etiquetas: |
Agregar Etiqueta
Sin Etiquetas, Sea el primero en etiquetar este registro!
|
MARC
| LEADER | 00000 a2200000 4500 | ||
|---|---|---|---|
| 003 | 001432 | ||
| 005 | 20221231143742.0 | ||
| 008 | 140114s1981 c a m 000 ||s d | ||
| 040 | |c cru CEDI | ||
| 090 | |a TFG 1009 | ||
| 100 | |a Alvarado Flores, Juan José |9 15928 | ||
| 245 | |a Electriona-Paraíso : anteproyecto del ferrocarril | ||
| 260 | |c 1981 |a [San José, Costa Rica] | ||
| 300 | |a vii,[105] : ilustraciones ; 28 cm | ||
| 500 | |a Proyecto de graduación (ingeniero civil)--Universidad de Costa Rica. Facultad de Ingeniería. Escuela de Ingeniería Civil | ||
| 650 | |x VIAS FERREAS - DISEÑO Y CONSTRUCCION |9 15930 | ||
| 700 | |9 15929 |a Mora Corrales, Guido | ||
| 942 | |c TFG | ||
| 999 | |c 11272 |d 11272 | ||
